000 01183nam a2200325 i 4500
003 EG-GICUC
005 20260121101407.0
008 251129s1995 ua ||||fr|||| 00| 0 ara d
017 _a1995/5085
020 _a9771007513
040 _a EG-GICUC
_bara
_c EG-GICUC
_d EG-GICUC
_erda
041 0 _aara
082 0 4 _221
_a343.431
_bم ح . ج
092 0 4 _221
099 _aLaw1 10 343.431 م ح . ج 1 ed - 1995
100 0 _aمحمد محمود سعيد
_eمؤلف.
245 1 0 _aجرائم الإرهاب :
_bأحكامها الموضوعية، وإجراءات ملاحقتها /
_cالدكتور محمد محمود سعيد.
250 _aالطبعة الاولى
264 1 _aالقاهرة :
_bدار الفكر العربى،
_c1995.
300 _a194 صفحة ؛
_c24 سم.
336 _2rda content
_atext
337 _2rda media
_aComputer
338 _2rda carrier
_aOnline Resource
546 _aالنص باللغة العربية
650 1 4 _aالتشريع الخاص بالإرهاب
650 1 4 _aالقانون الجنائي
856 4 0 _uhttps://fll.law.cu.edu.eg/fulltext/bks/B10-06204.pdf
905 _a77
_eHassnaa
942 _2ddc
_cBK
_e21
_n0
999 _c47441
_d47441